[Event "EU-ch U16"]
[Site "Albena"]
[Date "2011.09.20"]
[Round "9"]
[White "Beradze, Irakli"]
[Black "Berbatov, Kiprian"]
[Result "1/2-1/2"]
[WhiteElo "2294"]
[BlackElo "2474"]
[PlyCount "95"]
[EventDate "2011.09.11"]
[EventType "swiss"]
[EventRounds "9"]
[EventCountry "BUL"]
[SourceTitle "CBM 144 Extra"]
[Source "ChessBase"]
[SourceDate "2011.10.28"]
[SourceVersion "1"]
[SourceVersionDate "2011.10.28"]
[SourceQuality "1"]

1. e4 c5 2. Nf3 d6 3. Bb5+ Nd7 4. d4 cxd4 5. Qxd4 a6 6. Bxd7+ Bxd7 7. Nc3 Rc8 8. 0-0 e5 9. Qd3 h6 10. a4 Nf6 11. Be3 Be6 12. Nd2 d5 13. exd5 Nxd5 14. Nxd5 Qxd5 15. Qxd5 Bxd5 16. Rac1 Be7 17. Rfd1 f6 18. Bb6 Kf7 19. c4 Bc6 20. b3 Bd8 21. a5 Bxb6 22. axb6 Rhd8 23. c5 Ke6 24. f4 Rd5 25. Nc4 exf4 26. Rxd5 Bxd5 27. Nd6 Rd8 28. b4 f5 29. Re1+ Kf6 30. Rd1 Bc6 31. Kf2 Rd7 32. Ne8+ Ke5 33. Nd6 g6 34. Rd2 Kf6 35. h3 g5 36. Ne8+ Ke5 37. Rxd7 Bxd7 38. Nd6 Bc6 39. Nf7+ Kd5 40. Nd8 h5 41. h4 g4 42. Ke2 a5 43. bxa5 Kxc5 44. Ne6+ Kb5 45. Ng7 Bxg2 46. Nxh5 Bd5 47. Nxf4 Bf7 48. h5 1/2-1/2

[Event "EU-ch U16"]
[Site "Albena"]
[Date "2011.09.15"]
[Round "5"]
[White "Vaicekauskas, Gytis"]
[Black "Berbatov, Kiprian"]
[Result "0-1"]
[WhiteElo "2050"]
[BlackElo "2474"]
[PlyCount "68"]
[EventDate "2011.09.11"]
[EventType "swiss"]
[EventRounds "9"]
[EventCountry "BUL"]
[SourceTitle "CBM 144 Extra"]
[Source "ChessBase"]
[SourceDate "2011.10.28"]
[SourceVersion "1"]
[SourceVersionDate "2011.10.28"]
[SourceQuality "1"]

1. e4 c5 2. Nc3 g6 3. f4 Bg7 4. Nf3 Nc6 5. Bc4 d6 6. 0-0 e6 7. d3 Nge7 8. Qe1 0-0 9. f5 gxf5 10. Qh4 fxe4 11. Ng5 h6 12. Ncxe4 Nf5 13. Qh5 d5 14. g4 dxc4 15. gxf5 exf5 16. Kh1 f6 17. Nh7 fxe4 18. Rg1 Rf7 19. Bxh6 Ne5 20. Bxg7 Rxg7 21. Nxf6+ Qxf6 22. Qe8+ Qf8 23. Rxg7+ Kxg7 24. Qxe5+ Kh6 25. Qxe4 Qf6 26. Qe3+ Qg5 27. Qxg5+ Kxg5 28. dxc4 Bh3 29. Kg1 Rf8 30. Rd1 Rf4 31. b3 Kf5 32. Re1 b6 33. Rd1 Ke4 34. Re1+ Kf3 0-1

[Event "EU-ch U16"]
[Site "Albena"]
[Date "2011.09.11"]
[Round "1"]
[White "Bida, Mihai Eugen"]
[Black "Berbatov, Kiprian"]
[Result "0-1"]
[WhiteElo "2141"]
[BlackElo "2474"]
[PlyCount "72"]
[EventDate "2011.09.11"]
[EventType "swiss"]
[EventRounds "9"]
[EventCountry "BUL"]
[SourceTitle "CBM 144 Extra"]
[Source "ChessBase"]
[SourceDate "2011.10.28"]
[SourceVersion "1"]
[SourceVersionDate "2011.10.28"]
[SourceQuality "1"]

1. e4 c5 2. Nf3 d6 3. d4 cxd4 4. Nxd4 Nf6 5. Nc3 a6 6. Bc4 e6 7. Bb3 Nbd7 8. Bg5 Nc5 9. Qe2 Be7 10. f4 h6 11. Bxf6 Bxf6 12. 0-0-0 Qc7 13. Rhe1 0-0 14. Kb1 b5 15. g4 b4 16. Na4 Bd7 17. Nxc5 dxc5 18. Nf3 Bb5 19. Bc4 Bxc4 20. Qxc4 Qxf4 21. Qe2 Qxg4 22. Rg1 Qh5 23. e5 Be7 24. Rg3 Rfd8 25. Rdg1 g6 26. Qg2 Rd5 27. Rh3 Rad8 28. a4 b3 29. cxb3 Qf5+ 30. Ka2 Rd1 31. Rxd1 Rxd1 32. Nd2 Qc2 33. Qa8+ Kg7 34. Rxh6 Kxh6 35. Qh8+ Kg5 36. h4+ Kg4 0-1

[Event "Pamplona San Juan op 5th"]
[Site "Pamplona"]
[Date "2011.07.26"]
[Round "3"]
[White "Berbatov, Kiprian"]
[Black "Ortiz Suarez, Isan Reynaldo"]
[Result "1/2-1/2"]
[WhiteElo "2472"]
[BlackElo "2556"]
[PlyCount "109"]
[EventDate "2011.07.25"]
[EventType "swiss"]
[EventRounds "9"]
[EventCountry "ESP"]
[SourceTitle "EXT 2012"]
[Source "ChessBase"]
[SourceDate "2011.11.24"]
[SourceVersion "1"]
[SourceVersionDate "2011.11.24"]
[SourceQuality "1"]

1. e4 c5 2. Nf3 e6 3. d4 cxd4 4. Nxd4 a6 5. Nc3 Qc7 6. Bd3 Nf6 7. 0-0 d6 8. f4 Nbd7 9. Kh1 b5 10. Qe2 Bb7 11. Bd2 Be7 12. b4 0-0 13. a4 bxa4 14. Rxa4 Nb6 15. Ra2 d5 16. e5 Ne4 17. Nxe4 dxe4 18. Bxa6 Rfd8 19. c3 Bd5 20. Raa1 Rxa6 21. Qxa6 Bc4 22. Qa5 Ra8 23. Qxa8+ Nxa8 24. Rxa8+ Bf8 25. Re1 Bd5 26. Raa1 Qc4 27. Rab1 h5 28. Kg1 Be7 29. Rb2 Bh4 30. g3 Bd8 31. Rc2 e3 32. Bxe3 Bb7 33. h4 Bb6 34. Kh2 Be4 35. Rce2 Bd3 36. Rd2 Qxc3 37. Nf3 Be4 38. Ng5 Bd5 39. Rde2 Bxe3 40. Rxe3 Qxb4 41. R3e2 Qc4 42. Rb2 Kf8 43. Ra1 Qc7 44. Rf2 f6 45. exf6 gxf6 46. Nh3 Kg7 47. Re1 Qc3 48. Rg1 Bf3 49. Rgf1 Be4 50. Ng1 Kg6 51. f5+ Bxf5 52. Rxf5 exf5 53. Nh3 Kf7 54. Rxf5 Qe3 55. Rf2 1/2-1/2

[Event "Vaujany op-A 2nd"]
[Site "Vaujany"]
[Date "2011.07.18"]
[Round "5"]
[White "Berbatov, Kiprian"]
[Black "Juhasz, Kristof"]
[Result "1/2-1/2"]
[WhiteElo "2472"]
[BlackElo "2334"]
[PlyCount "35"]
[EventDate "2011.07.14"]
[EventType "swiss"]
[EventRounds "9"]
[EventCountry "FRA"]
[SourceTitle "EXT 2012"]
[Source "ChessBase"]
[SourceDate "2011.11.24"]
[SourceVersion "1"]
[SourceVersionDate "2011.11.24"]
[SourceQuality "1"]

1. e4 c6 2. d4 d5 3. Nc3 dxe4 4. Nxe4 Bf5 5. Ng3 Bg6 6. h4 h6 7. Nf3 Nd7 8. h5 Bh7 9. Bd3 Bxd3 10. Qxd3 e6 11. Bd2 Ngf6 12. 0-0-0 Be7 13. Qe2 0-0 14. Nf1 c5 15. g4 cxd4 16. g5 Nd5 17. gxh6 Qb6 18. Rg1 1/2-1/2

[Event "Vaujany op-A 2nd"]
[Site "Vaujany"]
[Date "2011.07.17"]
[Round "4"]
[White "Istratescu, Andrei"]
[Black "Berbatov, Kiprian"]
[Result "1-0"]
[WhiteElo "2645"]
[BlackElo "2472"]
[PlyCount "46"]
[EventDate "2011.07.14"]
[EventType "swiss"]
[EventRounds "9"]
[EventCountry "FRA"]
[SourceTitle "EXT 2012"]
[Source "ChessBase"]
[SourceDate "2011.11.24"]
[SourceVersion "1"]
[SourceVersionDate "2011.11.24"]
[SourceQuality "1"]

1. e4 c5 2. Nf3 d6 3. d4 cxd4 4. Nxd4 Nf6 5. Nc3 a6 6. Be3 e6 7. f3 b5 8. g4 b4 9. Nce2 e5 10. Nb3 h6 11. c4 Be6 12. Ng3 Nc6 13. h4 a5 14. c5 a4 15. Bb5 Bd7 16. Nd2 dxc5 17. Bxa4 Nd4 18. Bb3 Be7 19. Kf2 Be6 20. Bxe6 fxe6 21. Kg2 Nd7 22. g5 hxg5 23. hxg5 Kf7 1-0

[Event "Varna op 5th"]
[Site "Varna"]
[Date "2011.07.07"]
[Round "6"]
[White "Berbatov, Kiprian"]
[Black "Shishkov, Minko"]
[Result "1/2-1/2"]
[WhiteElo "2472"]
[BlackElo "2295"]
[PlyCount "126"]
[EventDate "2011.07.03"]
[EventType "swiss"]
[EventRounds "9"]
[EventCountry "BUL"]
[SourceTitle "CBM 143 Extra"]
[Source "ChessBase"]
[SourceDate "2011.08.29"]
[SourceVersion "1"]
[SourceVersionDate "2011.08.29"]
[SourceQuality "1"]

1. e4 g6 2. d4 Bg7 3. Nc3 c6 4. f4 Qb6 5. Nf3 d5 6. e5 Bg4 7. Be2 Nh6 8. Na4 Qa5+ 9. c3 Nf5 10. 0-0 e6 11. b4 Qc7 12. Ne1 Bxe2 13. Qxe2 h5 14. Nc5 Bf8 15. Nb3 Nd7 16. a4 Nb6 17. a5 Nc4 18. Nd3 Be7 19. g3 Kf8 20. Qf2 Kg7 21. h3 Rh7 22. Qf3 Rah8 23. Rf2 a6 24. Raa2 Kf8 25. Rh2 Ke8 26. Nb2 Nxb2 27. Raxb2 Kd8 28. Bd2 Kc8 29. Be1 Qd8 30. g4 Ng7 31. Rbg2 Qd7 32. Bd2 Qd8 33. Qd3 Qd7 34. Bc1 Kb8 35. Be3 Qc8 36. Nd2 hxg4 37. hxg4 Rh3 38. Qe2 R8h7 39. Nf3 Qh8 40. Rxh3 Rxh3 41. Rh2 Kc8 42. Qg2 Rh7 43. Rxh7 Qxh7 44. Qh2 Qxh2+ 45. Kxh2 Kd7 46. Kg2 Ne8 47. Kf1 Nc7 48. Ke2 Nb5 49. Kd3 Na3 50. Bf2 Nc4 51. Bh4 Bxh4 52. Nxh4 Nb2+ 53. Ke2 Ke7 54. Ng2 Nc4 55. Ne1 b6 56. axb6 Nxb6 57. Nc2 Nc4 58. Ne3 Nb6 59. Kd3 Kd7 60. f5 gxf5 61. gxf5 exf5 62. Nxf5 Nc4 63. Ne3 Nxe3 1/2-1/2

[Event "Varna op 5th"]
[Site "Varna"]
[Date "2011.07.06"]
[Round "5"]
[White "Panbukchian, Valentin"]
[Black "Berbatov, Kiprian"]
[Result "0-1"]
[WhiteElo "2381"]
[BlackElo "2472"]
[PlyCount "82"]
[EventDate "2011.07.03"]
[EventType "swiss"]
[EventRounds "9"]
[EventCountry "BUL"]
[SourceTitle "CBM 143 Extra"]
[Source "ChessBase"]
[SourceDate "2011.08.29"]
[SourceVersion "1"]
[SourceVersionDate "2011.08.29"]
[SourceQuality "1"]

1. f4 d5 2. Nf3 g6 3. g3 Bg7 4. Bg2 Nf6 5. 0-0 c5 6. d3 0-0 7. Nc3 d4 8. Na4 Qd6 9. c4 Nc6 10. a3 Ng4 11. Rb1 Bd7 12. b4 b6 13. bxc5 bxc5 14. Ng5 Rab8 15. Rxb8 Nxb8 16. Ne4 Bxa4 17. Qxa4 Qb6 18. Qb5 Rc8 19. a4 Ne3 20. Bxe3 dxe3 21. f5 Nc6 22. f6 Bxf6 23. Nxf6+ exf6 24. Rxf6 Qxb5 25. cxb5 Nd4 26. Bd5 Rc7 27. Kf1 Kg7 28. Rd6 Re7 29. g4 h5 30. h3 hxg4 31. hxg4 Kh6 32. Bf3 Kg5 33. Kg2 f5 34. gxf5 gxf5 35. Kg3 f4+ 36. Kg2 Rg7 37. Be4 Nxe2 38. Kf1 Ng3+ 39. Kg2 Nxe4 40. dxe4 Kg4 41. a5 f3+ 0-1

[Event "Varna op 5th"]
[Site "Varna"]
[Date "2011.07.05"]
[Round "3"]
[White "Qadimbayli, Qoshgar"]
[Black "Berbatov, Kiprian"]
[Result "0-1"]
[WhiteElo "1710"]
[BlackElo "2472"]
[PlyCount "102"]
[EventDate "2011.07.03"]
[EventType "swiss"]
[EventRounds "9"]
[EventCountry "BUL"]
[SourceTitle "CBM 143 Extra"]
[Source "ChessBase"]
[SourceDate "2011.08.29"]
[SourceVersion "1"]
[SourceVersionDate "2011.08.29"]
[SourceQuality "1"]

1. e4 c5 2. Nf3 d6 3. d4 cxd4 4. Qxd4 Nf6 5. e5 Nc6 6. Bb5 Qa5+ 7. Nc3 Qxb5 8. Nxb5 Nxd4 9. Nbxd4 dxe5 10. Nxe5 a6 11. 0-0 e6 12. h3 Nd7 13. Nd3 b6 14. Bf4 Bb7 15. Rfe1 0-0-0 16. c3 Rg8 17. Rad1 g5 18. Bh2 h5 19. Nb4 Nb8 20. Bxb8 Bxb4 21. Ba7 Bc5 22. Nb3 Rxd1 23. Rxd1 Be7 24. Bxb6 g4 25. hxg4 Rxg4 26. g3 h4 27. Rd4 Rg8 28. Rc4+ Kb8 29. Bc5 Rc8 30. Bxe7 Rxc4 31. Na5 Ra4 32. Nxb7 Kxb7 33. gxh4 Rxa2 34. Ba3 Ra1+ 35. Kg2 Rd1 36. Kf3 Kc6 37. h5 Rh1 38. Kg4 Kd7 39. Kg5 e5 40. Bf8 Ke6 41. h6 f6+ 42. Kg6 Rg1+ 43. Kh7 Kf7 44. Bc5 Rb1 45. Ba3 e4 46. Kh8 f5 47. Bc5 Rxb2 48. Be3 Rc2 49. Bd4 f4 50. h7 e3 51. fxe3 Rb2 0-1

[Event "BUL-chT 61th"]
[Site "Albena"]
[Date "2011.06.03"]
[Round "2.4"]
[White "Berbatov, Kiprian"]
[Black "Nevednichy, Vladislav"]
[Result "0-1"]
[WhiteElo "2490"]
[BlackElo "2542"]
[PlyCount "74"]
[EventDate "2011.06.02"]
[EventType "team-tourn"]
[EventRounds "7"]
[EventCountry "BUL"]
[SourceTitle "CBM 142 Extra"]
[Source "ChessBase"]
[SourceDate "2011.06.27"]
[SourceVersion "1"]
[SourceVersionDate "2011.06.27"]
[SourceQuality "1"]
[WhiteTeam "Sofia Lokomotiv"]
[BlackTeam "Vidin Nayden Voynov"]
[WhiteTeamCountry "BUL"]
[BlackTeamCountry "BUL"]

1. e4 d6 2. d4 Nf6 3. Nc3 e5 4. Nf3 Nbd7 5. Bc4 Be7 6. 0-0 0-0 7. Re1 a6 8. a4 b6 9. Ne2 exd4 10. Nfxd4 Ne5 11. Ba2 Bb7 12. Ng3 Re8 13. Nf3 Nfd7 14. Nxe5 Nxe5 15. Bd5 Bxd5 16. exd5 Qd7 17. Ra3 Bh4 18. Re4 Bxg3 19. Rxg3 f5 20. Rd4 Ng4 21. h3 Nf6 22. Re3 Rxe3 23. Bxe3 Re8 24. Qd3 a5 25. f3 h6 26. g4 Qf7 27. Bf2 fxg4 28. hxg4 Nd7 29. f4 Nf6 30. Qf3 Qg6 31. f5 Qg5 32. Rc4 Re7 33. Kh2 Re5 34. Kh3 h5 35. gxh5 Rxf5 36. Qg3 Qxh5+ 37. Rh4 Qd1 0-1

[Event "BUL-ch 75th"]
[Site "Bankia"]
[Date "2011.04.20"]
[Round "12"]
[White "Berbatov, Kiprian"]
[Black "Arnaudov, Petar G"]
[Result "1/2-1/2"]
[WhiteElo "2454"]
[BlackElo "2453"]
[PlyCount "76"]
[EventDate "2011.04.11"]
[EventType "tourn"]
[EventRounds "13"]
[EventCountry "BUL"]
[EventCategory "11"]
[SourceTitle "CBM 141 Extra"]
[Source "ChessBase"]
[SourceDate "2011.05.03"]
[SourceVersion "1"]
[SourceVersionDate "2011.05.03"]
[SourceQuality "1"]

1. e4 e5 2. Nf3 Nc6 3. Bb5 a6 4. Ba4 Nf6 5. 0-0 Be7 6. Re1 b5 7. Bb3 d6 8. c3 0-0 9. h3 Bb7 10. d4 Nd7 11. a4 Na5 12. Ba2 c5 13. Na3 c4 14. b4 cxb3 15. Bxb3 exd4 16. cxd4 b4 17. Nb1 Nxb3 18. Qxb3 a5 19. Nbd2 Rc8 20. Bb2 Nb6 21. d5 Bf6 22. Nd4 Qd7 23. Nf5 Bc3 24. Re3 Bxd5 25. Nh6+ gxh6 26. exd5 Nxd5 27. Rg3+ Kh8 28. Ne4 Qe6 29. Nxc3 Nxc3 30. Bxc3+ bxc3 31. Rxc3 Qe5 32. Rac1 Rxc3 33. Qxc3 Qxc3 34. Rxc3 Rb8 35. Rd3 Rb4 36. Rxd6 Kg7 37. Rd5 Rxa4 38. g4 Ra3 1/2-1/2

[Event "BUL-ch 75th"]
[Site "Bankia"]
[Date "2011.04.15"]
[Round "6"]
[White "Nikolov, Sasho"]
[Black "Berbatov, Kiprian"]
[Result "1/2-1/2"]
[WhiteElo "2429"]
[BlackElo "2454"]
[PlyCount "222"]
[EventDate "2011.04.11"]
[EventType "tourn"]
[EventRounds "13"]
[EventCountry "BUL"]
[EventCategory "11"]
[SourceTitle "CBM 141 Extra"]
[Source "ChessBase"]
[SourceDate "2011.05.03"]
[SourceVersion "1"]
[SourceVersionDate "2011.05.03"]
[SourceQuality "1"]

1. d4 Nf6 2. c4 g6 3. Nc3 Bg7 4. e4 d6 5. Nf3 0-0 6. Be2 e5 7. 0-0 Nc6 8. d5 Ne7 9. Ne1 Nd7 10. Be3 f5 11. f3 f4 12. Bf2 g5 13. a4 a5 14. Nd3 c5 15. dxc6 bxc6 16. b4 axb4 17. Nxb4 Nc5 18. a5 Ne6 19. Bb6 Qd7 20. c5 Nd4 21. Bc4+ Kh8 22. a6 h5 23. Ra5 d5 24. exd5 cxd5 25. Ncxd5 g4 26. Nc7 gxf3 27. Nxa8 Qg4 28. Ra2 e4 29. c6 Ne2+ 30. Rxe2 fxe2 31. Bxe2 f3 32. Rf2 fxe2 33. Qxe2 Qxe2 34. Rxe2 Nxc6 35. Bc5 Rf5 36. Rxe4 Rxc5 37. Re8+ Kh7 38. Rxc8 Bd4+ 39. Kf1 Rf5+ 40. Ke1 Nxb4 41. Rc4 Bf2+ 42. Ke2 Nxa6 43. Nc7 Nxc7 44. Rxc7+ Kg6 45. Rc3 Bg1 46. Rg3+ Kh6 47. Rf3 Ra5 48. h4 Ra2+ 49. Kf1 Bd4 50. g3 Kg6 51. Rf4 Bc5 52. Rf3 Rc2 53. Rf4 Rd2 54. Rf3 Bd4 55. Rf4 Be5 56. Rf3 Bf6 57. Rf2 Rd5 58. Kg2 Kf7 59. Rf4 Ke6 60. g4 Bxh4 61. gxh5 Rxh5 62. Kf3 Bf6 63. Rc4 Be5 64. Ke4 Kd6 65. Rc8 Rh4+ 66. Kd3 Kd5 67. Rd8+ Bd6 68. Ke3 Rh3+ 69. Kf2 Ke5 70. Ke2 Ra3 71. Kd2 Bb4+ 72. Ke2 Ke4 73. Re8+ Kf4 74. Re7 Bc5 75. Re8 Bd4 76. Kd2 Be5 77. Kc2 Ke4 78. Re7 Rc3+ 79. Kd2 Rb3 80. Re8 Rb2+ 81. Ke1 Kf4 82. Kf1 Ra2 83. Ke1 Bc3+ 84. Kd1 Kf3 85. Kc1 Bd4 86. Kb1 Rh2 87. Kc1 Be3+ 88. Kb1 Rd2 89. Rc8 Ke4 90. Rc2 Rd1+ 91. Ka2 Kd3 92. Rc6 Bd4 93. Kb3 Rb1+ 94. Ka4 Bb6 95. Rc8 Kd4 96. Rc2 Bc5 97. Ka5 Kd5 98. Rh2 Kc6 99. Ka4 Rb4+ 100. Ka5 Rg4 101. Rh6+ Bd6 102. Re6 Rg3 103. Re4 Rb3 104. Rc4+ Bc5 105. Rh4 Re3 106. Rh6+ Bd6 107. Rh4 Re8 108. Ka4 Re3 109. Ka5 Rg3 110. Rc4+ Bc5 111. Rh4 Bb6+ 1/2-1/2

[Event "Anzere op 1st"]
[Site "Anzere"]
[Date "2011.03.20"]
[Round "7"]
[White "Berbatov, Kiprian"]
[Black "Georgiev, Vladimir"]
[Result "1-0"]
[WhiteElo "2454"]
[BlackElo "2576"]
[PlyCount "97"]
[EventDate "2011.03.17"]
[EventType "swiss"]
[EventRounds "7"]
[EventCountry "SUI"]
[SourceTitle "CBM 141 Extra"]
[Source "ChessBase"]
[SourceDate "2011.05.03"]
[SourceVersion "1"]
[SourceVersionDate "2011.05.03"]
[SourceQuality "1"]

1. e4 e5 2. Nf3 Nc6 3. Nc3 Nf6 4. Bb5 Bd6 5. a3 a6 6. Bc4 Bc5 7. d3 d6 8. Bg5 Ne7 9. Bxf6 gxf6 10. Nh4 c6 11. Qf3 Ng6 12. Nf5 Bxf5 13. Qxf5 Ke7 14. Ne2 d5 15. Ba2 Qb6 16. 0-0-0 Nh4 17. Qh5 Bxf2 18. d4 Ng6 19. exd5 cxd5 20. Qf3 Bh4 21. Qxd5 Rhf8 22. dxe5 Rad8 23. exf6+ Kxf6 24. Qf3+ Kg7 25. Rxd8 Bxd8 26. Ng3 Bc7 27. Re1 Be5 28. Bb3 Kh8 29. Kb1 f5 30. Rd1 a5 31. a4 Qf6 32. Rd7 Qh4 33. Nxf5 Qxh2 34. Rxb7 Bxb2 35. Kxb2 Qe5+ 36. Qc3 Rxf5 37. Rb5 Qxc3+ 38. Kxc3 Rf2 39. g4 h6 40. Rxa5 Rf3+ 41. Kb2 Rf4 42. Rh5 Kg7 43. a5 Ne7 44. a6 Rf8 45. Rc5 Ra8 46. Rc7 Kf8 47. a7 Ke8 48. Rb7 Nc6 49. Ba4 1-0

[Event "Anzere op 1st"]
[Site "Anzere"]
[Date "2011.03.17"]
[Round "1"]
[White "Berbatov, Kiprian"]
[Black "Chatalbashev, Boris"]
[Result "1/2-1/2"]
[WhiteElo "2454"]
[BlackElo "2602"]
[PlyCount "39"]
[EventDate "2011.03.17"]
[EventType "swiss"]
[EventRounds "7"]
[EventCountry "SUI"]
[SourceTitle "CBM 141 Extra"]
[Source "ChessBase"]
[SourceDate "2011.05.03"]
[SourceVersion "1"]
[SourceVersionDate "2011.05.03"]
[SourceQuality "1"]

1. e4 d5 2. exd5 Qxd5 3. Nc3 Qd6 4. d4 Nf6 5. Nf3 g6 6. Nb5 Qb6 7. c4 c6 8. Nc3 Bg7 9. h3 0-0 10. Be2 Bf5 11. 0-0 Rd8 12. Na4 Qc7 13. Be3 Nbd7 14. Qb3 e5 15. dxe5 Nxe5 16. Nxe5 Qxe5 17. Rfd1 Qc7 18. Rxd8+ Rxd8 19. Rd1 Rxd1+ 20. Qxd1 1/2-1/2

[Event "Reykjavik op"]
[Site "Reykjavik"]
[Date "2011.03.16"]
[Round "9"]
[White "Sveshnikov, Vladimir"]
[Black "Berbatov, Kiprian"]
[Result "0-1"]
[WhiteElo "2379"]
[BlackElo "2454"]
[PlyCount "138"]
[EventDate "2011.03.09"]
[EventType "swiss"]
[EventRounds "9"]
[EventCountry "ISL"]
[SourceTitle "CBM 141 Extra"]
[Source "ChessBase"]
[SourceDate "2011.05.03"]
[SourceVersion "1"]
[SourceVersionDate "2011.05.03"]
[SourceQuality "1"]

1. e4 d5 2. exd5 Qxd5 3. Nc3 Qd6 4. d4 Nf6 5. Nf3 g6 6. Ne5 Bg7 7. Bf4 Nh5 8. Be3 Nc6 9. f4 0-0 10. Bc4 Nf6 11. 0-0 a6 12. a3 e6 13. Kh1 Rd8 14. Qf3 Ne7 15. Rad1 Rb8 16. Bd3 b5 17. Ne4 Nxe4 18. Bxe4 Nd5 19. Bf2 Bb7 20. c3 Ba8 21. Bb1 a5 22. Bh4 Re8 23. Qf2 Nf6 24. Rde1 Rbc8 25. b4 axb4 26. axb4 Bd5 27. Bd3 c6 28. Ra1 Ra8 29. Qe2 Nh5 30. Bg3 f6 31. Ng4 Rxa1 32. Rxa1 Nxf4 33. Bxf4 Qxf4 34. Rf1 Qg5 35. Ne3 Kf7 36. Re1 Re7 37. Nxd5 Qxd5 38. Be4 Qd6 39. Bc2 e5 40. Bb3+ Kf8 41. Ra1 Qd7 42. dxe5 Rxe5 43. Qf2 Qe8 44. Qd2 f5 45. g4 Bf6 46. Qh6+ Bg7 47. Qd2 Re2 48. Qd6+ Re7 49. gxf5 Be5 50. Qc5 Kg7 51. fxg6 hxg6 52. Rg1 Bf6 53. Bc2 Re1 54. Qa7+ Kh6 55. Qf2 Rxg1+ 56. Qxg1 Bxc3 57. Qc1+ Kg7 58. Bxg6 Qe5 59. Qb1 Bxb4 60. Qxb4 Kxg6 61. Qg4+ Kh6 62. Qh4+ Kg7 63. Qg4+ Kh6 64. Qh4+ Qh5 65. Qf6+ Qg6 66. Qh8+ Kg5 67. Qe5+ Qf5 68. Qg3+ Kh5 69. Qc3 Qf1# 0-1

[Event "Reykjavik op"]
[Site "Reykjavik"]
[Date "2011.03.13"]
[Round "6.8"]
[White "Berbatov, Kiprian"]
[Black "Chatalbashev, Boris"]
[Result "1/2-1/2"]
[WhiteElo "2454"]
[BlackElo "2602"]
[PlyCount "40"]
[EventDate "2011.03.09"]
[EventType "swiss"]
[EventRounds "9"]
[EventCountry "ISL"]
[SourceTitle "CBM 141 Extra"]
[Source "ChessBase"]
[SourceDate "2011.05.03"]
[SourceVersion "1"]
[SourceVersionDate "2011.05.03"]
[SourceQuality "1"]

1. e4 g6 2. d4 Bg7 3. Nc3 c6 4. Nf3 d5 5. h3 Nf6 6. Bd3 dxe4 7. Nxe4 Nxe4 8. Bxe4 0-0 9. 0-0 Nd7 10. c3 e5 11. dxe5 Nxe5 12. Nxe5 Bxe5 13. Bh6 Bg7 14. Bxg7 Kxg7 15. Bc2 Be6 16. Bb3 Re8 17. Re1 Qxd1 18. Raxd1 Kf6 19. Bxe6 Rxe6 20. Rxe6+ Kxe6 1/2-1/2

[Event "Reykjavik op"]
[Site "Reykjavik"]
[Date "2011.03.12"]
[Round "5.6"]
[White "Berbatov, Kiprian"]
[Black "Baklan, Vladimir"]
[Result "1/2-1/2"]
[WhiteElo "2454"]
[BlackElo "2602"]
[PlyCount "65"]
[EventDate "2011.03.09"]
[EventType "swiss"]
[EventRounds "9"]
[EventCountry "ISL"]
[SourceTitle "CBM 141 Extra"]
[Source "ChessBase"]
[SourceDate "2011.05.03"]
[SourceVersion "1"]
[SourceVersionDate "2011.05.03"]
[SourceQuality "1"]

1. e4 c5 2. Nf3 d6 3. d4 cxd4 4. Nxd4 Nf6 5. Nc3 Nc6 6. Bc4 Bd7 7. Bb3 e6 8. Be3 Be7 9. Qe2 0-0 10. 0-0-0 Na5 11. g4 Nxb3+ 12. axb3 d5 13. exd5 Nxd5 14. Nxd5 exd5 15. Nf5 Bxf5 16. gxf5 Bf6 17. Kb1 Qd6 18. Qf3 Rad8 19. Bd4 b6 20. Bxf6 Qxf6 21. Rxd5 Rxd5 22. Qxd5 Rd8 23. Re1 g6 24. Qe4 Kg7 25. fxg6 hxg6 26. Qe3 Rd5 27. f3 Rf5 28. Rf1 Re5 29. Qd2 Qf5 30. Qd4 Kh7 31. Qh4+ Kg7 32. Qd4 Kh7 33. Qh4+ 1/2-1/2

[Event "BUL-ch sf 75th"]
[Site "Plovdiv"]
[Date "2011.02.12"]
[Round "8"]
[White "Enchev, Ivajlo"]
[Black "Berbatov, Kiprian"]
[Result "0-1"]
[WhiteElo "2432"]
[BlackElo "2439"]
[PlyCount "62"]
[EventDate "2011.02.07"]
[EventType "swiss"]
[EventRounds "9"]
[EventCountry "BUL"]
[SourceTitle "CBM 140 Extra"]
[Source "ChessBase"]
[SourceDate "2011.03.01"]
[SourceVersion "1"]
[SourceVersionDate "2011.03.01"]
[SourceQuality "1"]

1. c4 g6 2. Nc3 Bg7 3. g3 Nf6 4. Bg2 0-0 5. d3 d6 6. e3 e5 7. Nge2 c6 8. 0-0 Re8 9. e4 a6 10. b4 b5 11. a4 bxc4 12. dxc4 Be6 13. Qd3 Nbd7 14. Rd1 Bf8 15. a5 c5 16. Ba3 Rc8 17. Nd5 cxb4 18. Bxb4 Nc5 19. Qe3 Bxd5 20. cxd5 Ncxe4 21. Qd3 Nc5 22. Bxc5 Rxc5 23. Qxa6 e4 24. Nd4 Nxd5 25. Nb3 Nc7 26. Qe2 Rc3 27. Nd4 d5 28. Rdc1 Bc5 29. Nc6 Qf6 30. Rxc3 Qxc3 31. Rf1 Bd6 0-1

[Event "BUL-ch sf 75th"]
[Site "Plovdiv"]
[Date "2011.02.09"]
[Round "4"]
[White "Berbatov, Kiprian"]
[Black "Nikolov, Sasho"]
[Result "1-0"]
[WhiteElo "2439"]
[BlackElo "2440"]
[PlyCount "91"]
[EventDate "2011.02.07"]
[EventType "swiss"]
[EventRounds "9"]
[EventCountry "BUL"]
[SourceTitle "CBM 140 Extra"]
[Source "ChessBase"]
[SourceDate "2011.03.01"]
[SourceVersion "1"]
[SourceVersionDate "2011.03.01"]
[SourceQuality "1"]

1. e4 e5 2. Nf3 Nc6 3. Nc3 Bb4 4. Nd5 Ba5 5. c3 Nf6 6. Qa4 0-0 7. d3 h6 8. b4 Bb6 9. Nxb6 cxb6 10. b5 Na5 11. Ba3 Qc7 12. c4 d6 13. Qb4 Rd8 14. Be2 a6 15. 0-0 axb5 16. cxb5 Be6 17. Rfc1 Qd7 18. Rc2 Ne8 19. d4 f6 20. d5 Bf7 21. Nh4 Rac8 22. Rxc8 Rxc8 23. Nf5 Rc5 24. Qa4 Rc7 25. Ne3 Qc8 26. Bg4 Qd8 27. h4 h5 28. Bh3 g6 29. g3 Kg7 30. Kf1 Rc3 31. Bb4 Rc7 32. Ba3 Rc3 33. Rc1 Qc7 34. Rxc3 Qxc3 35. Ke2 Nc7 36. Bxd6 Qb2+ 37. Qc2 Qxb5+ 38. Ke1 Na6 39. Bf1 Qd7 40. Ba3 Be8 41. f4 exf4 42. gxf4 b5 43. e5 Nc4 44. exf6+ Kh7 45. Bxc4 Qh3 46. Qe4 1-0

[Event "Bansko op"]
[Site "Bansko"]
[Date "2010.12.16"]
[Round "5"]
[White "Berbatov, Kiprian"]
[Black "Pavlidou, Ekaterini"]
[Result "1-0"]
[WhiteElo "2461"]
[BlackElo "2188"]
[PlyCount "95"]
[EventDate "2010.12.13"]
[EventType "swiss"]
[EventRounds "9"]
[EventCountry "BUL"]
[SourceTitle "CBM 139 Extra"]
[Source "ChessBase"]
[SourceDate "2011.01.05"]
[SourceVersion "1"]
[SourceVersionDate "2011.01.05"]
[SourceQuality "1"]

1. e4 c5 2. Nf3 Nc6 3. d4 cxd4 4. Nxd4 Nf6 5. Nc3 e5 6. Ndb5 d6 7. Bg5 a6 8. Na3 b5 9. Bxf6 gxf6 10. Nd5 f5 11. Bd3 Be6 12. c3 Bg7 13. Nxb5 axb5 14. Bxb5 Bd7 15. exf5 e4 16. 0-0 0-0 17. a4 Re8 18. Qg4 Kh8 19. Rad1 Rc8 20. Rfe1 Re5 21. Ne3 Qf6 22. Nc4 Bxf5 23. Qg3 Qe7 24. Nxd6 Rc7 25. Nxf5 Rxf5 26. Rxe4 Re5 27. Rxe5 Bxe5 28. Qf3 Qe6 29. g3 Kg7 30. Qe4 Na7 31. Bd3 h6 32. Re1 Re7 33. Re3 Qd6 34. a5 Nc6 35. a6 Kf8 36. Qf5 Qc7 37. Be4 Bd6 38. Qh7 Re6 39. Bxc6 Rxe3 40. Qh8+ Ke7 41. Qe8+ Kf6 42. fxe3 Qb6 43. Bb5 Qa5 44. Kg2 Qa2 45. Kh3 Qd5 46. e4 Qh5+ 47. Kg2 Qd1 48. a7 1-0